[Event "GER-chT Youth Countries 2018"]
[Site "Wurzburg"]
[Date "2018.10.03"]
[Round "1"]
[White "Parvanyan, Ashot"]
[Black "Silber, Kevin"]
[Result "1-0"]
[WhiteElo "2428"]
[BlackElo "2205"]
[Annotator "NA"]
[PlyCount "93"]
[EventDate "2018.10.03"]
[EventType "team-tourn"]
[EventCountry "GER"]
[SourceTitle "playchess.com"]
[Source "ChessBase"]
[SourceQuality "1"]
[TimeControl "40/5400+30:1800+30"]

1. e4 {[%emt 0:00:00]} e5 {[%emt 0:00:00]} 2. Nf3 {[%emt 0:00:04]} Nc6 {[%emt 0:00:00]} 3. d4 {[%emt 0:00:22]} exd4 {[%emt 0:00:00]} 4. Nxd4 {[%emt 0:00:05]} Nf6 {[%emt 0:00:00]} 5. Nxc6 {[%emt 0:00:36]} bxc6 {[%emt 0:00:05]} 6. e5 {[%emt 0:00:04]} Qe7 {[%emt 0:00:09]} 7. Qe2 {[%emt 0:00:07]} Nd5 {[%emt 0:00:09]} 8. c4 {[%emt 0:00:45]} Ba6 {[%emt 0:00:07]} 9. Nd2 {[%emt 0:00:26]} g6 {[%emt 0:01:37]} 10. Nf3 {[%emt 0:01:07] C45: Scotch Game} Qb4+ {[%emt 0:01:34]} 11. Kd1 {[%emt 0:01:03]} Bg7 {[%emt 0:01:36]} (11... Rb8 12. Qc2 Ne7 13. a3 Qb6 14. b4 c5 15. Bd3 cxb4 16. axb4 Bb7 17. b5 Bg7 {½-½ (30) Ponkratov,P (2613)-Svidler,P (2765) Riadh 2017}) 12. Qd2 {[%emt 0:04:05]} Qxd2+ {[%emt 0:00:17]} 13. Bxd2 {[%emt 0:00:26]} Nb6 {[%emt 0:01:13]} 14. b3 {[%emt 0:04:01]} O-O {[%emt 0:04:44]} 15. c5 {[%emt 0:00:38]} Bxf1 {[%emt 0:00:28]} 16. Rxf1 {[%emt 0:00:05]} Nd5 {[%emt 0:00:11]} 17. Rc1 {[%emt 0:00:06]} Rfe8 {[%emt 0:01:56] [#]} 18. Re1 $146 {[%emt 0:04:36]} Re6 {[%emt 0:04:35]} 19. Rc4 {[%emt 0:02:27]} Rae8 {[%emt 0:12:47]} 20. Ra4 {[%emt 0:09:19]} Ra8 {[%emt 0:04:52]} 21. Kc2 {[%emt 0:03:55]} Ree8 {[%emt 0:04:58]} 22. h4 {[%emt 0:14:34]} Bf8 {[%emt 0:09:15]} 23. Rc4 {[%emt 0:01:31]} Rab8 {[%emt 0:08:16]} 24. Nd4 {[%emt 0:09:50]} Bg7 {[%emt 0:06:18]} 25. f4 {[%emt 0:01:30]} h5 {[%emt 0:16:05]} 26. Ra4 {[%emt 0:03:48]} Ra8 {[%emt 0:03:05]} (26... a6 $14) 27. Rg1 {[%emt 0:12:01]} ({White should try} 27. Ra6 $16) 27... Bh6 {[%emt 0:06:56]} 28. g3 {[%emt 0:03:30]} a6 {[%emt 0:01:24]} 29. Kd3 {[%emt 0:05:44]} f6 {[%emt 0:04:14]} 30. e6 {[%emt 0:01:44]} dxe6 {[%emt 0:01:45]} 31. Nxc6 {[%emt 0:01:14]} e5 {[%emt 0:02:28]} 32. fxe5 {[%emt 0:03:52]} Bxd2 {[%emt 0:00:24]} 33. Kxd2 {[%emt 0:00:14]} fxe5 {[%emt 0:02:30]} 34. Re1 {[%emt 0:02:02]} Ne7 {[%emt 0:00:38]} 35. Nxe5 {[%emt 0:08:16]} ({Lieber} 35. Nb4 $16) 35... Nf5 {[%emt 0:01:10]} 36. Nd3 {[%emt 0:02:37]} Red8 $2 {[%emt 0:00:28]} ({Black should play} 36... Rxe1 $14 37. Kxe1 (37. Nxe1 Nxg3 38. Nf3 Kf7 $14) 37... Nxg3) 37. Kc2 {[%emt 0:01:07]} (37. Re6 $18) 37... Rd7 {[%emt 0:01:22]} 38. Nf4 {[%emt 0:00:30]} Kh7 {[%emt 0:00:45]} 39. Ne6 {[%emt 0:00:34]} (39. Kb2 $18) 39... Kg8 {[%emt 0:00:30]} 40. g4 {[%emt 0:00:32]} hxg4 {[%emt 0:00:25]} 41. Rxg4 {[%emt 0:30:18]} Re7 {[%emt 0:04:47]} 42. h5 {[%emt 0:00:00]} Rae8 $2 {[%emt 0:08:49]} (42... Kf7) 43. Rxg6+ {[%emt 0:00:00]} Kh8 {[%emt 0:00:19]} 44. Kc3 {[%emt 0:00:00]} Rh7 $18 45. Reg1 Ne7 {[%emt 0:05:21]} 46. R6g5 {[%emt 0:00:00]} c6 {[%emt 0:00:21]} 47. Nf4 {[%emt 0:00:00]} 1-0

[Event "GER-chT Youth Countries 2018"]
[Site "Wurzburg"]
[Date "2018.10.03"]
[Round "1"]
[White "Lagunow, Raphael"]
[Black "Nothnagel, Marian Can"]
[Result "0-1"]
[WhiteElo "2417"]
[BlackElo "2341"]
[Annotator "NA"]
[PlyCount "112"]
[EventDate "2018.10.03"]
[EventType "team-tourn"]
[EventCountry "GER"]
[SourceTitle "playchess.com"]
[Source "ChessBase"]
[SourceQuality "1"]
[TimeControl "40/5400+30:1800+30"]

{[%evp 41,108,0,0,0,0,0,49,1,24,24,8,0,322,11,0,0,10,-59,42,-119,-106,32767,32767,32767,32767,-295,-297,-275,-219,-217,-110,-184,-203,-128,-139,-258,-203,-204,-76,-74,-72,-279,32767,32767,32767,32767,32767,32767,32767,-235,-263,-337,-275,-384,-396,-462,-404,-459,-417,-431,-377,-356,-421,-683,-492,-679,-732,-781,-682]} 1. e4 {[%emt 0:00:00]} e5 {[%emt 0:00:00]} 2. Bc4 {[%emt 0:00:00]} Nc6 {[%emt 0:00:00]} 3. Nc3 {[%emt 0:00:38]} Nf6 {[%emt 0:00:04]} 4. d3 {[%emt 0:00:07]} Na5 {[%emt 0:01:06]} 5. Qf3 {[%emt 0:00:08]} d6 {[%emt 0:05:04] C28: Vienna Game: 2...Nf6 3 Bc4 Nc6} (5... Nxc4 6. dxc4 Bb4 7. Nge2 d6 8. h3 Be6 9. b3 Nd7 10. O-O Bxc3 11. Nxc3 O-O 12. Qg3 f5 13. Bg5 {½-½ (33) Caruana,F (2822)-Aronian,L (2767) chess.com INT 2018}) 6. h3 {[%emt 0:01:38]} Be7 {[%emt 0:06:18]} 7. Nge2 {[%emt 0:00:40]} Nxc4 {[%emt 0:02:01]} 8. dxc4 {[%emt 0:00:08]} Be6 {[%emt 0:00:04]} 9. b3 {[%emt 0:09:02]} Qd7 {[%emt 0:13:25]} 10. O-O Rg8 $146 ({Predecessor:} 10... h6 11. a4 O-O-O 12. Qe3 a6 13. Qa7 {0-1 (38) Rublevsky,S (2702)-Pavlidis,A (2522) Berlin 2015}) 11. Ng3 {[%emt 0:13:34]} g5 {[%emt 0:03:52]} 12. Nd5 {[%emt 0:08:12]} Bxd5 {[%emt 0:08:42]} 13. cxd5 {[%emt 0:04:22]} g4 {[%emt 0:03:42]} 14. hxg4 {[%emt 0:02:34]} Qxg4 {[%emt 0:00:47]} 15. Re1 {[%emt 0:02:51]} h5 {[%emt 0:07:32]} 16. Kf1 {[%emt 0:01:32]} Qxf3 {[%emt 0:15:58]} 17. gxf3 {[%emt 0:00:11]} Kd7 {[%emt 0:01:53]} 18. Ke2 {[%emt 0:03:23]} Rh8 {[%emt 0:05:29]} 19. Rh1 {[%emt 0:07:57]} h4 {[%emt 0:02:34]} 20. Nf5 {[%emt 0:00:22]} Rh5 {[%emt 0:00:40]} 21. c4 {[%emt 0:05:09]} h3 {[%emt 0:00:59]} 22. Rh2 {[%emt 0:02:30]} Rah8 {[%emt 0:05:51]} 23. Be3 {[%emt 0:00:40]} b6 {[%emt 0:01:12]} 24. b4 {[%emt 0:01:52]} Nh7 {[%emt 0:05:05]} 25. a4 {[%emt 0:02:40]} Nf8 {[%emt 0:02:14]} 26. a5 {[%emt 0:04:21]} Bg5 $2 {[%emt 0:01:54] [#]} (26... Ng6 $11 {and Black is okay.}) 27. c5 $2 {[%emt 0:10:35]} (27. axb6 $1 $18 axb6 28. Ng3) 27... bxc5 $1 {[%emt 0:03:10]} 28. bxc5 {[%emt 0:00:08]} dxc5 {[%emt 0:01:26]} 29. a6 {[%emt 0:02:47]} ({Better is} 29. Bxc5 $11 a6 30. Ng3) 29... Ng6 {[%emt 0:01:55]} (29... Bxe3 $15 30. fxe3 Rg5) 30. Rb1 $2 {[%emt 0:01:28] [#]} (30. Bxc5 $14 {stays ahead.} Nf4+ 31. Kd1) 30... Bxe3 $1 {[%emt 0:00:46]} 31. Nxe3 {[%emt 0:05:52]} Nf4+ {[%emt 0:00:05]} 32. Kd2 {[%emt 0:00:02]} R8h6 {[%emt 0:00:09]} 33. Ra1 {[%emt 0:04:36]} Rb6 {[%emt 0:00:46]} 34. Nc4 {[%emt 0:00:10]} Rb4 {[%emt 0:00:09]} 35. Na5 {[%emt 0:00:30]} Rh6 {[%emt 0:01:37]} ({Besser ist} 35... Rg5 $19 36. Nc6 Rg2) 36. Nc6 {[%emt 0:00:35] [#]} Rxc6 $1 {[%emt 0:00:05]} 37. dxc6+ {[%emt 0:00:03]} Kxc6 {[%emt 0:00:06]} 38. Rg1 {[%emt 0:02:28]} Rb6 {[%emt 0:01:37]} 39. Rg7 {[%emt 0:00:26]} f6 $2 {[%emt 0:00:08]} (39... Rxa6 $19 {ist viel giftiger.} 40. Rxf7 Ra3) 40. Rf7 {[%emt 0:01:12]} Kb5 {[%emt 0:00:22]} ({Of course not} 40... Rxa6 $6 41. Rxf6+ Kb5 42. Rxa6 $11) 41. Rxc7 $2 {[%emt 0:33:41]} (41. Rh1 $17 {was the only defense.}) 41... Rxa6 {[%emt 0:30:07]} 42. Rh1 {[%emt 0:01:00]} Ra2+ {[%emt 0:01:00]} 43. Kc3 {[%emt 0:00:00]} Ra3+ {[%emt 0:00:00]} 44. Kd2 {[%emt 0:00:00]} Rd3+ {[%emt 0:00:00]} 45. Kc2 {[%emt 0:00:00]} Rxf3 {[%emt 0:00:00]} 46. Rxa7 {[%emt 0:00:00]} Rxf2+ {[%emt 0:00:00]} 47. Kb3 {[%emt 0:00:00]} c4+ {[%emt 0:00:00]} 48. Ka3 {[%emt 0:00:00]} Rf3+ {[%emt 0:00:00]} 49. Ka2 {[%emt 0:00:00]} Kc5 {[%emt 0:00:00]} 50. Rd7 {[%emt 0:00:00]} Rd3 {[%emt 0:00:00]} 51. Rf7 {[%emt 0:00:00]} Rd6 {[%emt 0:00:00]} 52. Rc1 {[%emt 0:00:00]} Kd4 {[%emt 0:00:00]} 53. Rc7 {[%emt 0:00:00]} Kxe4 {[%emt 0:00:00]} 54. R7xc4+ {[%emt 0:00:00]} Kf5 $19 {[%emt 0:00:00]} 55. R4c2 {[%emt 0:00:00]} Rd3 {[%emt 0:00:00]} 56. Rg1 {[%emt 0:00:00]} Re3 {[%emt 0:00:00]} 0-1

[Event "GER-chT Youth Countries 2018"]
[Site "Wurzburg"]
[Date "2018.10.03"]
[Round "1"]
[White "Muckle, Julius"]
[Black "Schmekel, Florian"]
[Result "1-0"]
[WhiteElo "2348"]
[BlackElo "2106"]
[Annotator "TA"]
[PlyCount "52"]
[EventDate "2018.10.03"]
[EventType "team-tourn"]
[EventCountry "GER"]
[SourceTitle "playchess.com"]
[Source "ChessBase"]
[SourceQuality "1"]

{[%evp 19,52,54,52,53,66,59,106,113,107,101,91,54,90,57,116,101,92,95,168,166,236,118,151,141,155,113,137,150,143,152,642,652,609,593,995]} 1. d4 Nf6 2. c4 e6 3. Nc3 Bb4 4. e3 c5 5. Bd3 Bxc3+ 6. bxc3 d6 7. Ne2 {[%cal Bg1e2,Be2g3,Bg3f1][%mdl 32]} O-O 8. O-O Nc6 9. e4 e5 10. d5 {E41: Nimzo-Indian: Rubinstein: 4...c5 5 Bd3, including Hübner Variation} (10. f3 b6 11. Be3 h6 12. Qd2 Re8 13. Rad1 Ba6 14. a4 Na5 15. Qa2 Rc8 16. d5 Nh5 17. g4 Nf6 {1-0 (40) Laznicka,V (2679)-Korobov,A (2680) Dubai 2014}) 10... Na5 {LiveBook: 3 Games} 11. Ng3 Ne8 12. f4 {White is slightly better.} f6 13. f5 b6 14. Rf3 $146 ({Predecessor:} 14. Kh1 Qd7 15. Rg1 Ba6 16. Nf1 Bxc4 {0-1 (57) Araujo,J (2142)-Romero Pino,C (2299) Sao Paulo 2009}) 14... Ba6 15. Nf1 Kf7 16. Rg3 Ke7 ({Black should play} 16... Bxc4 $14 17. Qh5+ Ke7) 17. Nd2 Qd7 18. Nb3 Qa4 {[#]} (18... Nxc4 $16 19. a4 Rf7) 19. Bc2 $1 $18 Nxb3 (19... Rh8 $142 20. Nxc5 Qxc4) 20. Bxb3 (20. Be3 $18 Qxc4 21. axb3) 20... Qd7 21. Rb1 Qc7 22. Ba4 Bc8 23. Bxe8 Kxe8 24. Qh5+ g6 $2 {[#]} (24... Qf7 $16 25. Qxh7 Rg8) 25. fxg6 hxg6 26. Rxg6 Qf7 {Precision: White = 61%, Black = 17%.} 1-0

[Event "GER-chT Youth Countries 2018"]
[Site "Wurzburg"]
[Date "2018.10.03"]
[Round "1"]
[White "Ewert, Hannes"]
[Black "Kuznecovs, Nikita"]
[Result "1/2-1/2"]
[WhiteElo "2314"]
[BlackElo "2226"]
[Annotator "TA"]
[PlyCount "58"]
[EventDate "2018.10.03"]
[EventType "team-tourn"]
[EventCountry "GER"]
[SourceTitle "playchess.com"]
[Source "ChessBase"]
[SourceQuality "1"]

{[%evp 14,58,-16,-35,15,8,17,16,14,5,12,-20,0,0,28,30,20,18,4,4,9,0,0,0,0,0,0,0,4,4,4,4,4,4,4,8,50,50,39,39,47,39,47,46,47,53,64]} 1. d4 e6 2. Nf3 Nf6 3. c4 d5 4. g3 Bb4+ 5. Bd2 Be7 6. Bg2 O-O 7. Nc3 dxc4 {E11: Damenindisch (Bogoljubow-Variante)} 8. Qa4 {LiveBook: 7 Partien} (8. Bf4 Nc6 9. O-O a6 10. a4 Nd5 11. Ne5 Nxf4 12. Nxc6 Nxe2+ 13. Qxe2 bxc6 14. Rfd1 Rb8 15. Bxc6 {0-1 (29) Yanev,T (2382)-Mchedlishvili,M (2626) Plovdiv 2012}) 8... c6 9. Qxc4 b5 {Die Stellung ist ausgeglichen.} 10. Qd3 $146 ({Vorgänger:} 10. Qb3 Bb7 11. O-O a6 12. Rfd1 c5 13. dxc5 Nbd7 14. Be3 Qc7 {0-1 (33) Perelman,H (2185)-De Dovitiis,A (2365) Buenos Aires 2006}) 10... Nbd7 11. Rc1 Bb7 12. Bg5 h6 13. Bxf6 Nxf6 14. Ne5 Qb6 15. O-O Rfd8 16. Rfd1 Rac8 17. Ne4 c5 18. Nxc5 Bxc5 19. dxc5 Qc7 20. Qe3 {[#] Droht stark c6.} Rxd1+ 21. Rxd1 {zielt auf c6 ab.} Bxg2 22. Kxg2 Nd5 $132 {[%mdl 2048] Schwarz is not keeping still} 23. Qd4 {Droht e4.} Qxc5 24. e4 Nf6 25. Qxc5 {Weiß steht etwas besser.} Rxc5 26. Rd8+ Kh7 27. Nd7 Nxd7 $1 28. Rxd7 a5 29. Rxf7 Rc2 $1 {Precision: Weiß = 65%, Schwarz = 59%.} 1/2-1/2

[Event "GER-chT Youth Countries 2018"]
[Site "Wurzburg"]
[Date "2018.10.03"]
[Round "1"]
[White "Niermann, Tristan"]
[Black "Pfreundt, Jakob"]
[Result "1/2-1/2"]
[WhiteElo "2307"]
[BlackElo "2358"]
[Annotator "NA"]
[PlyCount "85"]
[EventDate "2018.10.03"]
[EventType "team-tourn"]
[EventCountry "GER"]
[SourceTitle "playchess.com"]
[Source "ChessBase"]
[SourceQuality "1"]
[TimeControl "40/5400+30:1800+30"]

1. d4 {[%emt 0:00:00]} Nf6 {[%emt 0:00:00]} 2. c4 {[%emt 0:00:00]} e6 {[%emt 0:00:00]} 3. g3 {[%emt 0:00:00]} c5 {[%emt 0:01:05]} 4. d5 {[%emt 0:01:00]} exd5 {[%emt 0:00:53]} 5. cxd5 {[%emt 0:00:03]} d6 {[%emt 0:00:12]} 6. Nc3 {[%emt 0:00:10]} g6 {[%emt 0:00:19]} 7. Nf3 {[%emt 0:00:12]} Bg7 {[%emt 0:00:11]} 8. Bg2 {[%emt 0:00:05]} O-O {[%emt 0:00:11]} 9. O-O {[%emt 0:00:08]} Re8 {[%emt 0:00:53]} 10. Bf4 {[%emt 0:00:28]} Na6 {[%emt 0:01:18] LiveBook: 179 Partien} 11. a4 $146 {[%emt 0:06:19] A62: Benoni (mit 7.g3)} ({Vorgänger:} 11. Re1 Bf5 12. Nh4 Bd7 13. e4 c4 14. Qd2 Nc5 15. Bxd6 Nd3 16. Nf3 Ng4 17. Re2 Qb6 18. Bf4 Qxb2 19. Qxb2 Nxb2 {0-1 (40) Navara,D (2737)-Morozevich,A (2675) Biel 2017}) 11... Nb4 {[%emt 0:09:02]} (11... Ne4 $11 12. Rc1 g5) 12. Rc1 {[%emt 0:11:49]} ({Besser ist} 12. Nd2 $1 $14) 12... a6 $15 {[%emt 0:03:00]} 13. Re1 {[%emt 0:06:10] Schwarz steht etwas besser.} Bg4 {[%emt 0:06:26]} 14. h3 {[%emt 0:14:44]} Bxf3 {[%emt 0:00:18] Die Stellung ist ausgeglichen.} 15. Bxf3 {[%emt 0:00:24]} Qe7 {[%emt 0:03:50]} 16. e4 {[%emt 0:08:53]} Nd7 {[%emt 0:01:05]} 17. Be2 {[%emt 0:12:03]} Ne5 {[%emt 0:19:30]} 18. b3 {[%emt 0:02:51]} Rac8 {[%emt 0:05:14]} 19. Kg2 {[%emt 0:12:18]} h5 {[%emt 0:14:17]} 20. Qd2 {[%emt 0:04:36] Precision: Weiß = 30%, Schwarz = 29%.} Nd7 {[%emt 0:07:50]} 21. Bc4 {[%emt 0:02:20]} Bd4 {[%emt 0:07:13]} 22. Bg5 {[%emt 0:05:32]} Qf8 {[%emt 0:00:32]} 23. f4 {[%emt 0:00:56]} Qg7 {[%emt 0:06:14]} 24. g4 {[%emt 0:03:45]} Nf6 {[%emt 0:06:20]} 25. Kf3 {[%emt 0:00:36]} hxg4+ {[%emt 0:01:48]} 26. hxg4 {[%emt 0:00:07]} Nh7 {[%emt 0:00:06]} 27. Bh4 {[%emt 0:01:13]} g5 {[%emt 0:00:37]} 28. fxg5 {[%emt 0:01:28]} Re5 {[%emt 0:01:43]} 29. Ne2 {[%emt 0:01:32]} Nxg5+ {[%emt 0:01:22]} 30. Bxg5 {[%emt 0:00:06]} Qxg5 {[%emt 0:02:30]} 31. Qxg5+ {[%emt 0:01:17]} Rxg5 {[%emt 0:00:02]} 32. Nxd4 {[%emt 0:01:36]} cxd4 {[%emt 0:00:02]} 33. Kf4 {[%emt 0:01:20]} Re5 {[%emt 0:01:06]} 34. Rcd1 {[%emt 0:02:21]} Rce8 {[%emt 0:00:59]} 35. Re2 {[%emt 0:00:27]} d3 {[%emt 0:00:45]} 36. Bxd3 {[%emt 0:00:34]} Nxd5+ {[%emt 0:00:18]} 37. exd5 {[%emt 0:00:20]} Rxe2 {[%emt 0:00:05]} 38. Bxe2 {[%emt 0:00:03]} Rxe2 {[%emt 0:00:06]} 39. Rd3 {[%emt 0:00:43]} Kg7 {[%emt 0:00:57]} 40. Rc3 {[%emt 0:00:39]} Re5 {[%emt 0:00:58]} 41. Rc7 {[%emt 0:02:48]} b5 {[%emt 0:03:35]} 42. Rc6 {[%emt 0:00:25]} Rxd5 {[%emt 0:04:30]} 43. Rxa6 {[%emt 0:00:19]} 1/2-1/2

[Event "GER-chT Youth Countries 2018"]
[Site "Wurzburg"]
[Date "2018.10.03"]
[Round "1"]
[White "Neukirchner, Pascal"]
[Black "Gressmann, Moritz"]
[Result "1-0"]
[WhiteElo "2294"]
[BlackElo "2106"]
[Annotator "NA"]
[PlyCount "99"]
[EventDate "2018.10.03"]
[EventType "team-tourn"]
[EventCountry "GER"]
[SourceTitle "playchess.com"]
[Source "ChessBase"]
[SourceQuality "1"]
[TimeControl "40/5400+30:1800+30"]

{[%evp 35,93,135,32767,188,32767,202,193,178,234,197,233,246,383,262,254,183,145,107,114,153,152,116,150,127,128,0,133,139,32767,0,32767,32767,0,32767,32767,0,32767,-126,32767,32767,32767,4,127,120,135,109,145,117,125,123,207,178,183,215,226,218,32767,277,300,363]} 1. d4 {[%emt 0:00:00]} d5 {[%emt 0:00:00]} 2. c4 {[%emt 0:00:00]} c6 {[%emt 0:00:00]} 3. Nf3 {[%emt 0:00:01]} e6 {[%emt 0:00:00]} 4. e3 {[%emt 0:00:26]} f5 {[%emt 0:00:03]} 5. Bd3 {[%emt 0:00:36]} Bd6 {[%emt 0:00:11]} 6. O-O {[%emt 0:01:10]} Nf6 {[%emt 0:00:10]} 7. b3 {[%emt 0:00:09]} Qe7 {[%emt 0:00:14]} 8. Bb2 {[%emt 0:00:21]} O-O {[%emt 0:00:14]} 9. Nc3 {[%emt 0:00:26] A84: Dutch Defence: 2 c4 Miscellaneous} (9. Ne5 Bd7 10. Nd2 Be8 11. f3 Bh5 12. Qe1 Nbd7 13. Kh1 Rad8 14. Nxd7 Nxd7 15. e4 dxe4 16. fxe4 f4 {1-0 (43) Bu,X (2710)-Wei,Y (2734) Zaozhuang 2015}) 9... Nbd7 {[%emt 0:02:16]} 10. Rc1 {[%emt 0:03:37]} Ne4 {[%emt 0:01:45]} 11. Ne2 {[%emt 0:01:41]} Ndf6 {[%emt 0:13:27]} 12. Ne5 {[%emt 0:00:57]} Bd7 {[%emt 0:20:46]} 13. f3 {[%emt 0:19:11]} Ng5 {[%emt 0:00:20]} 14. Ng3 $146 {[%emt 0:02:54]} ({Predecessor:} 14. Qd2 a5 15. Bb1 a4 16. e4 Ngxe4 17. fxe4 Nxe4 18. Bxe4 fxe4 19. Rxf8+ Rxf8 {½-½ (40) Sal Enriquez,C (2036)-Martin Villanova,J (1878) Mataro 2016}) 14... c5 {[%emt 0:16:15]} 15. Qd2 {[%emt 0:20:08]} Nf7 {[%emt 0:13:43]} 16. Nxd7 {[%emt 0:02:27]} Qxd7 {[%emt 0:05:10]} 17. cxd5 {[%emt 0:00:38]} Bxg3 {[%emt 0:06:43]} 18. hxg3 {[%emt 0:04:40]} exd5 {[%emt 0:02:42]} 19. dxc5 {[%emt 0:03:06]} Qe6 {[%emt 0:05:53]} 20. Rfe1 {[%emt 0:07:43]} Ne5 {[%emt 0:04:12]} 21. Bb1 {[%emt 0:00:33]} Nh5 {[%emt 0:01:18]} (21... Rf7 $142 22. Qd4 Re8) 22. Qd4 {[%emt 0:00:12]} Nc6 {[%emt 0:02:58]} 23. Qh4 {[%emt 0:00:09]} Qh6 {[%emt 0:01:54]} (23... Nf6 {was necessary.} 24. Rcd1 Rf7) 24. g4 {[%emt 0:05:31]} fxg4 {[%emt 0:00:11]} 25. Qxg4 {[%emt 0:00:14]} Rae8 {[%emt 0:00:17] [#]} 26. Bd4 {[%emt 0:04:50]} ({White should play} 26. f4 $1 $18) 26... Nxd4 {[%emt 0:00:55]} 27. Qxd4 {[%emt 0:01:04]} ({Lieber nicht} 27. exd4 Nf4 $15) 27... Kh8 {[%emt 0:00:17]} 28. Kf2 {[%emt 0:07:24]} ({Don't take} 28. Qxd5 $6 Ng3 $16) 28... Nf6 {[%emt 0:00:08]} 29. Rh1 {[%emt 0:02:14]} Qg5 {[%emt 0:01:16] [#]} 30. Rce1 {[%emt 0:01:15]} (30. f4 $1 $16 {[%cal Rf4g5]} Qg4 31. Rh3) 30... h6 {[%emt 0:00:56] [#]} (30... Ng4+ $1 $11 {keeps the balance.} 31. Kg1 Nxe3 32. Rxh7+ Kg8) 31. Kg1 $1 {[%emt 0:01:13]} Qg3 {[%emt 0:00:41]} 32. Qh4 {[%emt 0:00:25]} (32. Re2 $16) 32... Qe5 {[%emt 0:00:01]} 33. Qf2 {[%emt 0:03:26]} d4 {[%emt 0:00:46]} 34. e4 {[%emt 0:00:01]} Qxc5 {[%emt 0:00:13]} 35. Rh4 {[%emt 0:01:38]} Qg5 {[%emt 0:00:59]} 36. Rh3 $2 {[%emt 0:01:18]} (36. g3 $14 {behält die Oberhand.}) 36... Qc5 {[%emt 0:00:30]} 37. Rh4 {[%emt 0:03:31]} Qe5 {[%emt 0:00:34]} 38. Rd1 {[%emt 0:00:50]} Rd8 {[%emt 0:00:28]} (38... d3 $11) 39. f4 {[%emt 0:01:27]} Qc5 {[%emt 0:00:32]} 40. e5 {[%emt 0:01:00]} Nd5 {[%emt 0:00:30]} 41. Qxd4 {[%emt 0:31:30]} Qxd4+ {[%emt 0:04:19]} 42. Rxd4 {[%emt 0:00:00]} Ne7 {[%emt 0:00:22]} (42... Nc3 $16 43. Rxd8 Rxd8) 43. Rxd8 {[%emt 0:00:00]} Rxd8 {[%emt 0:00:01]} 44. Kf2 {[%emt 0:00:00]} Rd1 {[%emt 0:02:37]} 45. Be4 {[%emt 0:00:00]} Rd2+ {[%emt 0:00:11]} 46. Ke3 {[%emt 0:00:00]} Rxa2 {[%emt 0:00:48]} 47. f5 $18 {[%emt 0:00:00]} Ng8 {[%emt 0:11:15]} 48. Bxb7 {[%emt 0:00:00]} Rb2 {[%emt 0:00:28]} 49. Rb4 {[%emt 0:00:00]} a5 {[%emt 0:01:27]} 50. Rb5 {[%emt 0:00:00]} 1-0

[Event "GER-chT Youth Countries 2018"]
[Site "Wurzburg"]
[Date "2018.10.03"]
[Round "1"]
[White "Svane, Frederik"]
[Black "Evering, Soeren"]
[Result "1-0"]
[WhiteElo "2287"]
[BlackElo "1854"]
[Annotator "TA"]
[PlyCount "85"]
[EventDate "2018.10.03"]
[EventType "team-tourn"]
[EventCountry "GER"]
[SourceTitle "playchess.com"]
[Source "ChessBase"]
[SourceQuality "1"]

{[%evp 24,85,49,44,51,53,75,105,87,91,92,91,116,95,108,100,102,98,98,105,91,93,199,203,203,199,272,267,273,266,262,196,196,196,196,196,197,199,197,195,195,192,186,187,182,191,193,193,191,191,250,257,281,239,286,220,306,220,571,566,966,964,1144,1118]} 1. e4 e5 2. Nf3 Nc6 3. Bb5 {[%cal Bf1b5,Bb5a4,Ba4b3,Bb3a2][%mdl 32]} a6 4. Ba4 Nf6 5. O-O Be7 6. d3 b5 7. Bb3 d6 8. a3 O-O 9. Nc3 Na5 {C77: Ruy Lopez: 3...a6 4 Ba4 Nf6, unusual lines} 10. Ba2 c5 (10... Be6 11. b4 Bxa2 12. Rxa2 Nc6 13. Bg5 Ng4 14. Bd2 Nf6 15. Bg5 Ng4 16. Bd2 Nf6 17. Bg5 {½-½ (17) Vachier Lagrave,M (2789)-Carlsen,M (2843) Stavanger 2018}) 11. b4 Nc6 12. Nd5 Bb7 13. c3 {LiveBook: 3 Games} Rc8 $146 ({Predecessor:} 13... Nxd5 14. Bxd5 Bf6 15. a4 cxb4 16. cxb4 Qd7 17. Qb3 {½-½ (35) Roberson,P (2388)-Ashton,A (2378) Reading 2017}) 14. Be3 Nb8 15. Nxe7+ Qxe7 16. Nh4 c4 17. Nf5 Qe6 18. dxc4 {[#] Strongly threatening c5.} Nxe4 19. Qg4 {[%csl Gf5][%cal Rg4g7]} g6 20. Nh6+ $40 {[%mdl 128] White has strong attack.} Kh8 {[#] And now ...Qxg4 would win.} 21. Qxe6 $1 fxe6 22. cxb5 axb5 (22... Bd5 $16 {might work better.}) 23. Bxe6 $18 Rc7 24. f4 Nc6 (24... Bc8 $142) 25. fxe5 Rxf1+ 26. Rxf1 {White threatens Rf8+ and mate.} Nxe5 27. Nf7+ Nxf7 28. Rxf7 Rxf7 29. Bxf7 {[%mdl 4096] Endgame Threatening mate with Bd4+. KBB-KBN} Kg7 30. Bb3 d5 31. a4 bxa4 32. Bxa4 Kf7 33. Bd4 Ke6 34. Bb5 Nd6 35. Bd3 Bc6 36. Kf2 Nb5 (36... Bb5 {was called for.}) 37. Ke3 Nd6 38. Kf4 Bd7 39. h4 Nf7 40. Be2 h5 $2 (40... Nd6 41. h5 Bb5) 41. Bd3 {White is clearly winning.} Nd6 42. Bxg6 Nc4 43. Bxh5 {Precision: White = 89%, Black = 37%.} 1-0